000 00488cam a2200157 4500500
005 20260405000731.0
041 _afre
042 _adc
100 1 0 _aChapuis, Émilie
_eauthor
245 0 0 _aLes Essais (en français moderne)
260 _c2009.
500 _a67
690 _aMontaigne
786 0 _nPhilosophie magazine | 27 | 3 | 2009-03-01 | p. 37-37 | 1951-1787
856 4 1 _uhttps://shs.cairn.info/magazine-philosophie-magazine-2009-3-page-37?lang=fr&redirect-ssocas=7080
999 _c2040277
_d2040277